[Event "Titled Tuesday intern op 25th Jul Late"]
[Site "Chess.com INT"]
[Date "2023.07.25"]
[Round "2"]
[White "Eggleston, Thomas"]
[Black "Vargas Pereda, Jesus Manuel"]
[Result "1-0"]
[WhiteElo "2215"]
[BlackElo "1851"]
[PlyCount "25"]
[EventDate "2023.07.25"]
[EventType "swiss (blitz)"]
[EventRounds "11"]
[EventCountry "USA"]
[SourceTitle "EXT 2024"]
[Source "ChessBase"]
[SourceDate "2023.10.10"]
[SourceVersion "1"]
[SourceVersionDate "2023.10.10"]
[SourceQuality "1"]

1. e4 c6 2. d4 d5 3. exd5 cxd5 4. c4 Nf6 5. Nc3 dxc4 6. Bxc4 Bf5 7. Nf3 Nc6 8. 0-0 e6 9. Re1 Bd6 10. d5 Na5 11. Bb5+ Nd7 12. dxe6 fxe6 13. Qxd6 1-0

[Event "Titled Tuesday intern op 25th Jul Late"]
[Site "Chess.com INT"]
[Date "2023.07.25"]
[Round "8"]
[White "Tikhonov, Viacheslav"]
[Black "Vargas Pereda, Jesus Manuel"]
[Result "1-0"]
[WhiteElo "2201"]
[BlackElo "1851"]
[PlyCount "49"]
[EventDate "2023.07.25"]
[EventType "swiss (blitz)"]
[EventRounds "11"]
[EventCountry "USA"]
[SourceTitle "EXT 2024"]
[Source "ChessBase"]
[SourceDate "2023.10.10"]
[SourceVersion "1"]
[SourceVersionDate "2023.10.10"]
[SourceQuality "1"]

1. e4 c6 2. d4 d5 3. e5 c5 4. dxc5 e6 5. a3 Bxc5 6. b4 Be7 7. Bb2 Nc6 8. Qg4 Kf8 9. Nf3 Nh6 10. Qf4 a6 11. Bd3 Bd7 12. 0-0 g5 13. Qd2 Rc8 14. c4 dxc4 15. Bxc4 b5 16. Bd3 Kg7 17. Be4 Be8 18. Qe2 Nf5 19. Bxf5 exf5 20. e6+ f6 21. Rd1 Qc7 22. Nxg5 Rd8 23. Nc3 Bg6 24. Nd5 Qf4 25. Nxf4 1-0

[Event "Titled Tuesday intern op 21st Mar Late"]
[Site "Chess.com INT"]
[Date "2023.03.21"]
[Round "1"]
[White "Petukhov, Dmitry"]
[Black "Vargas Pereda, Jesus Manuel"]
[Result "1-0"]
[WhiteElo "2350"]
[BlackElo "1851"]
[PlyCount "29"]
[EventDate "2023.03.21"]
[EventType "swiss (blitz)"]
[EventRounds "11"]
[EventCountry "USA"]
[SourceTitle "EXT 2024"]
[Source "ChessBase"]
[SourceDate "2023.10.10"]
[SourceVersion "1"]
[SourceVersionDate "2023.10.10"]
[SourceQuality "1"]

1. e4 c5 2. c3 d5 3. exd5 Qxd5 4. d4 Nc6 5. Nf3 Bf5 6. Bd3 cxd4 7. Bxf5 Qxf5 8. cxd4 e6 9. Qb3 Nb4 10. 0-0 Nf6 11. Bd2 Qd5 12. Qa4+ Nc6 13. Nc3 Qa5 14. Qxa5 Nxa5 15. Nb5 1-0

[Event "Titled Tuesday intern op 21st Mar Late"]
[Site "Chess.com INT"]
[Date "2023.03.21"]
[Round "2"]
[White "Szente Varga, Fruzsina"]
[Black "Vargas Pereda, Jesus Manuel"]
[Result "1-0"]
[WhiteElo "2076"]
[BlackElo "1851"]
[PlyCount "81"]
[EventDate "2023.03.21"]
[EventType "swiss (blitz)"]
[EventRounds "11"]
[EventCountry "USA"]
[SourceTitle "EXT 2024"]
[Source "ChessBase"]
[SourceDate "2023.10.10"]
[SourceVersion "1"]
[SourceVersionDate "2023.10.10"]
[SourceQuality "1"]

1. e4 c6 2. d4 d5 3. exd5 cxd5 4. Bd3 Nc6 5. c3 Nf6 6. Ne2 Bg4 7. 0-0 e6 8. Bf4 Bd6 9. Bxd6 Qxd6 10. Nd2 0-0 11. Qc2 Rac8 12. a3 Bh5 13. Ng3 Bg6 14. Bxg6 hxg6 15. Nf3 Qc7 16. Qd3 Rb8 17. h4 b5 18. Ng5 a5 19. Qf3 b4 20. axb4 axb4 21. h5 bxc3 22. bxc3 Rb3 23. hxg6 Nxd4 24. gxf7+ Rxf7 25. Qd1 Rxc3 26. Nxf7 Rxg3 27. Qxd4 Rg4 28. Qd3 Qxf7 29. Ra8+ Ne8 30. Rb1 Rc4 31. Qf3 Qg6 32. Re1 Kh7 33. Qh3+ Kg8 34. Qxe6+ Qxe6 35. Rxe6 Rc1+ 36. Kh2 Kf7 37. Raxe8 d4 38. R8e7+ Kg8 39. Rd7 d3 40. Rxd3 Rc2 41. Rf3 1-0

[Event "Titled Tuesday intern op 21st Mar Early"]
[Site "Chess.com INT"]
[Date "2023.03.21"]
[Round "7"]
[White "Vargas Pereda, Jesus Manuel"]
[Black "Cueto, Jose"]
[Result "1-0"]
[WhiteElo "1851"]
[BlackElo "2116"]
[PlyCount "31"]
[EventDate "2023.03.21"]
[EventType "swiss (blitz)"]
[EventRounds "11"]
[EventCountry "USA"]
[SourceTitle "EXT 2024"]
[Source "ChessBase"]
[SourceDate "2023.10.10"]
[SourceVersion "1"]
[SourceVersionDate "2023.10.10"]
[SourceQuality "1"]

1. d4 e6 2. Bf4 b6 3. Nf3 Bb7 4. e3 d6 5. Bd3 Nd7 6. 0-0 g6 7. c4 Bg7 8. Nc3 Ne7 9. e4 e5 10. Bg5 0-0 11. Qd2 exd4 12. Ne2 c5 13. Bh6 Ne5 14. h4 Bxh6 15. Qxh6 Nxd3 16. Ng5 1-0

[Event "Titled Tuesday intern op 21st Mar Early"]
[Site "Chess.com INT"]
[Date "2023.03.21"]
[Round "11"]
[White "Vargas Pereda, Jesus Manuel"]
[Black "Palacio, Igor Da Paz"]
[Result "0-1"]
[WhiteElo "1851"]
[BlackElo "2172"]
[PlyCount "90"]
[EventDate "2023.03.21"]
[EventType "swiss (blitz)"]
[EventRounds "11"]
[EventCountry "USA"]
[SourceTitle "EXT 2024"]
[Source "ChessBase"]
[SourceDate "2023.10.10"]
[SourceVersion "1"]
[SourceVersionDate "2023.10.10"]
[SourceQuality "1"]

1. d4 Nf6 2. Bf4 d6 3. Nc3 b6 4. Nf3 Bb7 5. Bg5 Nbd7 6. Qd3 c5 7. e4 cxd4 8. Nxd4 a6 9. f3 h6 10. Be3 e6 11. 0-0-0 Rc8 12. Kb1 Be7 13. g4 Ne5 14. Qd2 Qc7 15. h4 Nfd7 16. Be2 Nc4 17. Bxc4 Qxc4 18. g5 h5 19. g6 f6 20. f4 b5 21. f5 b4 22. fxe6 bxc3 23. exd7+ Kxd7 24. Qxc3 Qxc3 25. bxc3 Bxe4 26. Rhe1 f5 27. Ne2 Bxh4 28. Bd4 Bxe1 29. Rxe1 Rb8+ 30. Kc1 Rbg8 31. Nf4 h4 32. Nh3 Bg2 33. Ng5 h3 34. Nf7 Rh5 35. Rd1 h2 36. Kb2 h1Q 37. Bg1 Bd5 38. c4 Bxf7 39. gxf7 Rb8+ 40. Kc3 Rh3+ 41. Kd2 Qg2+ 42. Kc1 Qg5+ 43. Rd2 Qxg1+ 44. Rd1 Qe3+ 45. Rd2 Rh1# 0-1

[Event "Titled Tuesday intern op 14th Mar Late"]
[Site "Chess.com INT"]
[Date "2023.03.14"]
[Round "9"]
[White "Antonio, Jorge Carlos"]
[Black "Vargas Pereda, Jesus Manuel"]
[Result "0-1"]
[WhiteElo "2277"]
[BlackElo "1851"]
[PlyCount "60"]
[EventDate "2023.03.14"]
[EventType "swiss (blitz)"]
[EventRounds "11"]
[EventCountry "USA"]
[SourceTitle "EXT 2024"]
[Source "ChessBase"]
[SourceDate "2023.10.10"]
[SourceVersion "1"]
[SourceVersionDate "2023.10.10"]
[SourceQuality "1"]

1. d4 d5 2. Nf3 Nf6 3. Bf4 c5 4. e3 Nc6 5. c3 Qb6 6. Qb3 c4 7. Qxb6 axb6 8. Nbd2 b5 9. Be2 e6 10. 0-0 b4 11. Ne5 Nxe5 12. Bxe5 Nd7 13. Bg3 b5 14. e4 Bb7 15. Bf3 dxe4 16. Bxe4 Bxe4 17. Nxe4 Be7 18. Nd6+ Bxd6 19. Bxd6 bxc3 20. bxc3 Nf6 21. f3 Nd5 22. Rfc1 Kd7 23. Bc5 Ra4 24. a3 Rha8 25. Rab1 Kc6 26. Kf2 Rxa3 27. Bxa3 Rxa3 28. Rb2 Rxc3 29. Rxc3 Nxc3 30. Ke3 Nd1+ 0-1

[Event "Titled Tuesday intern op 14th Mar Late"]
[Site "Chess.com INT"]
[Date "2023.03.14"]
[Round "7"]
[White "Perske, Thore"]
[Black "Vargas Pereda, Jesus Manuel"]
[Result "1-0"]
[WhiteElo "2446"]
[BlackElo "1851"]
[PlyCount "55"]
[EventDate "2023.03.14"]
[EventType "swiss (blitz)"]
[EventRounds "11"]
[EventCountry "USA"]
[SourceTitle "EXT 2024"]
[Source "ChessBase"]
[SourceDate "2023.10.10"]
[SourceVersion "1"]
[SourceVersionDate "2023.10.10"]
[SourceQuality "1"]

1. e4 d5 2. exd5 Qxd5 3. Nc3 Qd6 4. Nf3 Nf6 5. g3 a6 6. Bg2 c6 7. d4 Bg4 8. 0-0 e6 9. h3 Bh5 10. Bf4 Qb4 11. a3 Qxb2 12. Na4 Qb5 13. c4 Qa5 14. Bd2 Qc7 15. g4 Bg6 16. c5 Nd5 17. Ne5 Be7 18. f4 f6 19. Nxg6 hxg6 20. Qe2 Kf7 21. Rae1 Qd7 22. Bxd5 Qxd5 23. Nb6 Qxd4+ 24. Kg2 e5 25. fxe5 Bxc5 26. exf6 Nd7 27. Qe6+ Kf8 28. Nxd7+ 1-0

[Event "Titled Tuesday intern op 14th Mar Late"]
[Site "Chess.com INT"]
[Date "2023.03.14"]
[Round "3"]
[White "Vargas Pereda, Jesus Manuel"]
[Black "Barash, Anton"]
[Result "0-1"]
[WhiteElo "1851"]
[BlackElo "2074"]
[PlyCount "22"]
[EventDate "2023.03.14"]
[EventType "swiss (blitz)"]
[EventRounds "11"]
[EventCountry "USA"]
[SourceTitle "EXT 2024"]
[Source "ChessBase"]
[SourceDate "2023.10.10"]
[SourceVersion "1"]
[SourceVersionDate "2023.10.10"]
[SourceQuality "1"]

1. d4 Nf6 2. Bf4 g6 3. Nc3 Bg7 4. e4 d6 5. Qd2 0-0 6. 0-0-0 c6 7. Bh6 Qa5 8. h4 b5 9. f3 b4 10. Nce2 Qxa2 11. h5 Qa1# 0-1

[Event "Titled Tuesday intern op 7th Mar Late"]
[Site "Chess.com INT"]
[Date "2023.03.07"]
[Round "8"]
[White "Meunier Pion, Jean"]
[Black "Vargas Pereda, Jesus Manuel"]
[Result "1-0"]
[WhiteElo "2207"]
[BlackElo "1851"]
[PlyCount "39"]
[EventDate "2023.03.07"]
[EventType "swiss (blitz)"]
[EventRounds "11"]
[EventCountry "USA"]
[SourceTitle "EXT 2024"]
[Source "ChessBase"]
[SourceDate "2023.10.10"]
[SourceVersion "1"]
[SourceVersionDate "2023.10.10"]
[SourceQuality "1"]

1. e4 c5 2. Nf3 Nc6 3. Bb5 Nf6 4. e5 Nd5 5. 0-0 a6 6. Bc4 e6 7. Bxd5 exd5 8. d4 cxd4 9. Nxd4 Be7 10. Nf5 0-0 11. Qg4 g6 12. Qg3 Kh8 13. Bh6 Rg8 14. Nxe7 Nxe7 15. Bg5 Nf5 16. Bxd8 Nxg3 17. Bf6+ Rg7 18. hxg3 Kg8 19. Nc3 d6 20. exd6 1-0

[Event "Titled Tuesday intern op 7th Mar Late"]
[Site "Chess.com INT"]
[Date "2023.03.07"]
[Round "5"]
[White "Vargas Pereda, Jesus Manuel"]
[Black "Wartiovaara, Oliver"]
[Result "0-1"]
[WhiteElo "1851"]
[BlackElo "2264"]
[PlyCount "84"]
[EventDate "2023.03.07"]
[EventType "swiss (blitz)"]
[EventRounds "11"]
[EventCountry "USA"]
[SourceTitle "EXT 2024"]
[Source "ChessBase"]
[SourceDate "2023.10.10"]
[SourceVersion "1"]
[SourceVersionDate "2023.10.10"]
[SourceQuality "1"]

1. Nf3 e5 2. Nxe5 Nc6 3. Nf3 d5 4. e3 Bd6 5. c4 Nf6 6. cxd5 Nxd5 7. Nc3 Nf6 8. d4 Qe7 9. Be2 Bf5 10. 0-0 Ng4 11. Nb5 0-0-0 12. Nxd6+ Rxd6 13. h3 h5 14. Bd2 g5 15. b4 Nh6 16. b5 Nd8 17. Ne5 g4 18. Qa4 Kb8 19. Bb4 gxh3 20. g3 h4 21. Bxd6 cxd6 22. Qb4 hxg3 23. fxg3 h2+ 24. Kf2 Qf6 25. Nc6+ Ka8 26. Ke1 Qg5 27. Nxd8 Qxg3+ 28. Kd2 Rxd8 29. Bf3 Bg4 30. Qa5 Rc8 31. Rac1 Rb8 32. Bxg4 Nxg4 33. Qc7 Qxe3+ 34. Kc2 Nf2 35. Qxd6 Qd3+ 36. Kb2 Qd2+ 37. Rc2 Nd3+ 38. Kb1 Qb4+ 39. Ka1 Qxd6 40. Rxf7 Qxd4+ 41. Kb1 h1Q+ 42. Rc1 Qb2# 0-1

[Event "Titled Tuesday intern op 27th Dec Early"]
[Site "Chess.com INT"]
[Date "2022.12.27"]
[Round "10"]
[White "De Souza, Cristiano Gomes"]
[Black "Vargas Pereda, Jesus Manuel"]
[Result "1-0"]
[WhiteElo "2018"]
[BlackElo "1888"]
[PlyCount "69"]
[EventDate "2022.12.27"]
[EventType "swiss (blitz)"]
[EventRounds "11"]
[EventCountry "USA"]
[SourceTitle "EXT 2024"]
[Source "ChessBase"]
[SourceDate "2023.10.10"]
[SourceVersion "1"]
[SourceVersionDate "2023.10.10"]
[SourceQuality "1"]

1. d4 Nf6 2. c4 e6 3. Nf3 c5 4. d5 exd5 5. cxd5 d6 6. Nc3 g6 7. h3 Bg7 8. e4 0-0 9. Bd3 b5 10. Nxb5 Nxe4 11. 0-0 Nf6 12. Bf4 Ne8 13. Nc3 Nd7 14. Re1 Ndf6 15. a4 Bb7 16. Bc4 a5 17. Nb5 Ba6 18. Ra3 Bxb5 19. axb5 Qb6 20. Bd2 Nc7 21. Qa1 Ncxd5 22. Bxa5 Qb7 23. Bd2 Rxa3 24. bxa3 Ne4 25. Qa2 Nxd2 26. Qxd2 Nc3 27. Qxd6 Nxb5 28. Qxc5 Nc3 29. Re7 Qb1+ 30. Kh2 Qc2 31. Ng5 Qb2 32. Rxf7 Rxf7 33. Bxf7+ Kh8 34. Qc8+ Bf8 35. Qxf8# 1-0

[Event "Titled Tuesday intern op 27th Dec Early"]
[Site "Chess.com INT"]
[Date "2022.12.27"]
[Round "9"]
[White "Vargas Pereda, Jesus Manuel"]
[Black "Warchol, Kamil"]
[Result "0-1"]
[WhiteElo "1888"]
[BlackElo "2164"]
[PlyCount "78"]
[EventDate "2022.12.27"]
[EventType "swiss (blitz)"]
[EventRounds "11"]
[EventCountry "USA"]
[SourceTitle "EXT 2024"]
[Source "ChessBase"]
[SourceDate "2023.10.10"]
[SourceVersion "1"]
[SourceVersionDate "2023.10.10"]
[SourceQuality "1"]

1. d4 Nf6 2. Nf3 e6 3. Bf4 d5 4. e3 c5 5. c3 Nc6 6. Bd3 Bd7 7. Nbd2 Be7 8. Ne5 Qb6 9. Rb1 Rc8 10. 0-0 h5 11. Ndf3 Nxe5 12. Nxe5 Bb5 13. c4 dxc4 14. Nxc4 Qa6 15. Qe2 0-0 16. a3 cxd4 17. Ne5 Bxd3 18. Nxd3 dxe3 19. Qxe3 Rfd8 20. Ne5 Bd6 21. Qg3 Kf8 22. Rfe1 Nd5 23. Qh4 Nxf4 24. Qxf4 Bxe5 25. Rxe5 Qd6 26. Rbe1 f6 27. Qf3 Qxe5 28. Rf1 Qd5 29. Qe3 Kg8 30. h4 Qd4 31. Qf3 Qxh4 32. Qb3 Qg4 33. Qxb7 Rb8 34. Qc6 Rbc8 35. Qb7 h4 36. Qxa7 h3 37. g3 Rd1 38. Qa6 Rxf1+ 39. Kxf1 Qd1# 0-1

[Event "Titled Tuesday intern op 29th Nov Early"]
[Site "Chess.com INT"]
[Date "2022.11.29"]
[Round "7"]
[White "Figorito, Nick"]
[Black "Vargas Pereda, Jesus Manuel"]
[Result "1-0"]
[WhiteElo "2036"]
[BlackElo "1888"]
[PlyCount "53"]
[EventDate "2022.11.29"]
[EventType "swiss (blitz)"]
[EventRounds "11"]
[EventCountry "USA"]
[SourceTitle "EXT 2024"]
[Source "ChessBase"]
[SourceDate "2023.10.10"]
[SourceVersion "1"]
[SourceVersionDate "2023.10.10"]
[SourceQuality "1"]

1. Nf3 Nf6 2. g3 g6 3. Bg2 Bg7 4. 0-0 0-0 5. c4 d6 6. Nc3 c6 7. d3 e5 8. Rb1 Be6 9. e4 Ne8 10. b4 f5 11. b5 f4 12. bxc6 bxc6 13. h3 Nd7 14. g4 g5 15. Ba3 h5 16. Nh2 Rf6 17. f3 hxg4 18. fxg4 Qe7 19. Nf3 Rh6 20. Qa4 c5 21. Rb7 Rb8 22. Rfb1 Rxb7 23. Rxb7 Rh7 24. Nd5 Qf7 25. Nxg5 Qg6 26. Nxe6 Qxe6 27. Qxd7 1-0

[Event "Titled Tuesday intern op 15 Mar Late"]
[Site "Chess.com INT"]
[Date "2022.03.15"]
[Round "11"]
[White "Desideri, Ricardo Maruchi"]
[Black "Vargas Pereda, Jesus Manuel"]
[Result "1-0"]
[WhiteElo "1939"]
[BlackElo "2006"]
[PlyCount "137"]
[EventDate "2022.03.15"]
[EventType "swiss (blitz)"]
[EventRounds "11"]
[EventCountry "USA"]
[SourceTitle "CBM 207 Extra"]
[Source "ChessBase"]
[SourceDate "2022.05.31"]
[SourceVersion "1"]
[SourceVersionDate "2022.05.31"]
[SourceQuality "1"]

1. e4 c5 2. Nf3 a6 3. d4 cxd4 4. Nxd4 Nf6 5. Bd3 e5 6. Nb3 d5 7. exd5 Nxd5 8. Bd2 Nc6 9. Nc3 Be6 10. Qe2 Qc7 11. a3 Be7 12. 0-0 0-0 13. Rae1 Bf6 14. Qe4 g6 15. Nxd5 Bxd5 16. Qxd5 Rad8 17. Qf3 Bg7 18. Bc3 f5 19. Qg3 b5 20. Nc5 Qd6 21. Nxa6 Nd4 22. Bxd4 exd4 23. Bxb5 Qb6 24. a4 Ra8 25. Nb4 Rxa4 26. Bxa4 Qxb4 27. Bb3+ Kh8 28. Qc7 d3 29. Re7 Qd4 30. c3 Qf6 31. Rfe1 h6 32. R7e6 Qg5 33. Re7 Qf6 34. Rd1 Ra8 35. g3 f4 36. Rxd3 fxg3 37. hxg3 Rf8 38. Rd2 h5 39. f4 h4 40. Rd8 Rxd8 41. Qxd8+ Kh7 42. Rxg7+ Qxg7 43. Qxh4+ Qh6 44. Qxh6+ Kxh6 45. c4 Kg7 46. c5 Kf8 47. c6 Ke8 48. Ba4 Kd8 49. b4 Kc7 50. b5 Kb6 51. Kf2 g5 52. Kf3 Kc7 53. fxg5 Kb6 54. g6 Kc7 55. g7 Kb6 56. g8Q Ka5 57. Qa8+ Kb4 58. c7 Kc5 59. c8Q+ Kd4 60. Qg4+ Ke5 61. Qae4+ Kd6 62. Qge6+ Kc5 63. Q4c6+ Kd4 64. Qec4+ Ke5 65. Q6e4+ Kd6 66. Qcd5+ Kc7 67. Qec4+ Kb6 68. Qdc6+ Ka5 69. Qa6# 1-0

[Event "Titled Tuesday intern op 15 Mar Late"]
[Site "Chess.com INT"]
[Date "2022.03.15"]
[Round "2"]
[White "Vargas Pereda, Jesus Manuel"]
[Black "Batsiashvili, Nino"]
[Result "0-1"]
[WhiteElo "2006"]
[BlackElo "2472"]
[PlyCount "36"]
[EventDate "2022.03.15"]
[EventType "swiss (blitz)"]
[EventRounds "11"]
[EventCountry "USA"]
[SourceTitle "CBM 207 Extra"]
[Source "ChessBase"]
[SourceDate "2022.05.31"]
[SourceVersion "1"]
[SourceVersionDate "2022.05.31"]
[SourceQuality "1"]

1. d4 d5 2. Bf4 e6 3. e3 Bd6 4. Nd2 Bxf4 5. exf4 c5 6. dxc5 Qc7 7. Ngf3 Qxf4 8. Bd3 Nd7 9. 0-0 Nxc5 10. Bb5+ Bd7 11. Qe2 Nf6 12. c4 Bxb5 13. cxb5 0-0 14. a3 Nfe4 15. b4 Nxd2 16. Nxd2 Na4 17. Rac1 Rfc8 18. Nf3 Rxc1 0-1

[Event "Titled Tuesday intern op 08th Mar Late"]
[Site "Chess.com INT"]
[Date "2022.03.08"]
[Round "11"]
[White "Ardila, Oscar Humberto"]
[Black "Vargas Pereda, Jesus Manuel"]
[Result "1-0"]
[WhiteElo "1988"]
[BlackElo "2006"]
[PlyCount "51"]
[EventDate "2022.03.08"]
[EventType "swiss (blitz)"]
[EventRounds "11"]
[EventCountry "USA"]
[SourceTitle "CBM 207 Extra"]
[Source "ChessBase"]
[SourceDate "2022.05.31"]
[SourceVersion "1"]
[SourceVersionDate "2022.05.31"]
[SourceQuality "1"]

1. d4 f5 2. c4 Nf6 3. Nc3 e6 4. Nf3 Bb4 5. Bd2 0-0 6. e3 Bxc3 7. Bxc3 b6 8. Be2 Bb7 9. 0-0 Ne4 10. Qc2 a5 11. Be1 d6 12. Nd2 Rf6 13. Nxe4 fxe4 14. c5 Rh6 15. cxb6 cxb6 16. Rc1 Na6 17. f4 Rc8 18. Qb3 Rxc1 19. f5 Bd5 20. Qa3 Rxe1 21. Rxe1 Qh4 22. Kf1 Nb4 23. Qc3 Nxa2 24. Qc8+ Kf7 25. Bb5 Rf6 26. Qe8# 1-0

[Event "Titled Tuesday intern op 08th Mar Late"]
[Site "Chess.com INT"]
[Date "2022.03.08"]
[Round "10"]
[White "Mangialardo, Tiago Carvalho"]
[Black "Vargas Pereda, Jesus Manuel"]
[Result "1/2-1/2"]
[WhiteElo "1965"]
[BlackElo "2006"]
[PlyCount "160"]
[EventDate "2022.03.08"]
[EventType "swiss (blitz)"]
[EventRounds "11"]
[EventCountry "USA"]
[SourceTitle "CBM 207 Extra"]
[Source "ChessBase"]
[SourceDate "2022.05.31"]
[SourceVersion "1"]
[SourceVersionDate "2022.05.31"]
[SourceQuality "1"]

1. e4 c5 2. Nf3 a6 3. d4 cxd4 4. Nxd4 Nf6 5. Nc3 e5 6. Nf3 Nc6 7. Be3 Bb4 8. Bd3 0-0 9. 0-0 Bxc3 10. bxc3 d5 11. exd5 Nxd5 12. Bd2 Be6 13. Re1 Qc7 14. Qe2 Bg4 15. Qe4 Nf6 16. Qe2 Rfe8 17. h3 e4 18. hxg4 exd3 19. Qxd3 Nxg4 20. Qc4 Nf6 21. Bf4 Qa5 22. Qb3 Qf5 23. Qxb7 Qxf4 24. Qxc6 Rac8 25. Rxe8+ Rxe8 26. Qxa6 h6 27. Qd3 Qc7 28. a4 Rd8 29. Qe3 Re8 30. Qd4 Rd8 31. Qe5 Qa7 32. a5 Rd5 33. Qe3 Qa6 34. Qb6 Rd6 35. Qxa6 Rxa6 36. Nd4 Ne4 37. c4 Nc3 38. Kf1 Kf8 39. Ke1 Ke8 40. Kd2 Ne4+ 41. Ke3 Nc5 42. Nb3 Ne6 43. Ke4 Kd7 44. Kd5 Nf4+ 45. Kd4 Kd6 46. c5+ Kc6 47. g3 Ne6+ 48. Kc4 f5 49. Nd4+ Nxd4 50. Kxd4 g5 51. c4 f4 52. gxf4 gxf4 53. Ra3 h5 54. Ra4 h4 55. Ra3 f3 56. Rxf3 Rxa5 57. Rf6+ Kc7 58. Rh6 Ra2 59. Rxh4 Rxf2 60. Rh7+ Kc6 61. Rh6+ Kc7 62. Rh4 Rf1 63. Kd5 Rd1+ 64. Rd4 Re1 65. Re4 Rd1+ 66. Ke5 Rc1 67. Rd4 Re1+ 68. Kd5 Rh1 69. Re4 Rd1+ 70. Rd4 Rh1 71. Re4 Rh5+ 72. Re5 Rh4 73. c6 Rh7 74. c5 Rh1 75. Re4 Rd1+ 76. Rd4 Re1 77. Kc4 Rc1+ 78. Kd5 Re1 79. Rg4 Rd1+ 80. Rd4 Re1 1/2-1/2